[Event "World Blitz 2025"]
[Site "Doha QAT"]
[Date "2025.12.29"]
[Round "12.15"]
[White "Indjic, Aleksandar"]
[Black "Mamedov, Edgar"]
[Result "0-1"]
[WhiteTitle "GM"]
[BlackTitle "GM"]
[WhiteElo "2635"]
[BlackElo "2492"]
[WhiteFideId "911925"]
[BlackFideId "13739980"]
[EventDate "2025.12.29"]

1. c4 e6 2. g3 d5 3. Bg2 Nf6 4. Nf3 Be7 5. O-O O-O 6. d3 b6 7. cxd5 Nxd5 8. d4
Bb7 9. b3 c5 10. Bb2 Nd7 11. Nbd2 Rc8 12. Rc1 N7f6 13. a3 cxd4 14. Nxd4 Rxc1 15.
Qxc1 Qd7 16. Qa1 e5 17. N4f3 e4 18. Ne5 Qb5 19. Nec4 Bc8 20. a4 Qd7 21. Nxe4 Qe6
22. Nxf6+ Nxf6 23. e3 Ba6 24. Rc1 h5 25. h3 Rc8 26. Nd2 Rd8 27. Bd4 h4 28. gxh4
Nh5 29. Nf3 Bb7 30. Ng5 Bxg5 31. hxg5 Bxg2 32. Kxg2 Qxb3 33. Rc7 Qd5+ 34. Kg1
Qxg5+ 35. Kf1 Qf5 36. Ke1 Qxh3 37. Qc3 Qh1+ 38. Ke2 Qe4 39. Kd2 Qf5 40. Ke1 Qb1+
41. Ke2 Qa2+ 42. Kf3 Qxa4 43. Re7 Qb5 44. Qc7 Qf5+ 45. Ke2 Rc8 46. Qd7 Rc2+ 47.
Ke1 Qxf2+ 0-1

[Event "World Blitz 2025"]
[Site "Doha QAT"]
[Date "2025.12.29"]
[Round "12.16"]
[White "Ponomariov, Ruslan"]
[Black "Lu, Shanglei"]
[Result "0-1"]
[WhiteTitle "GM"]
[BlackTitle "GM"]
[WhiteElo "2639"]
[BlackElo "2643"]
[WhiteFideId "14103320"]
[BlackFideId "8603332"]
[EventDate "2025.12.29"]

1. Nf3 Nf6 2. c4 e6 3. b3 d5 4. Bb2 b6 5. cxd5 exd5 6. g3 Bd6 7. Bg2 O-O 8. O-O
Bb7 9. Nc3 a6 10. e3 Nbd7 11. Rc1 Re8 12. Re1 h6 13. d3 Rc8 14. Re2 c5 15. d4 c4
16. bxc4 dxc4 17. a4 Bb4 18. Na2 Bf8 19. Nc3 Ne4 20. Nd2 Nxc3 21. Bxc3 Bxg2 22.
Kxg2 b5 23. Rb1 Rb8 24. axb5 axb5 25. Bb4 Nf6 26. Bxf8 Kxf8 27. Qc2 Kg8 28. Ree1
Qd5+ 29. Kg1 Rec8 30. Qc3 Qd6 31. e4 b4 32. Qe3 Ng4 33. Qe2 Qxd4 34. Nxc4 Nxf2
35. Qxf2 Qxc4 36. Rb2 b3 37. e5 Ra8 38. Qe3 Ra2 39. Rxb3 Qc2 40. Qf3 Qxh2+ 41.
Kf1 Qh3+ 42. Kg1 Qe6 43. Rbe3 Rcc2 44. Rf1 Kh8 45. Rfe1 Qh3 46. R3e2 Rxe2 47.
Rxe2 Ra1+ 0-1

[Event "World Blitz 2025"]
[Site "Doha QAT"]
[Date "2025.12.29"]
[Round "12.17"]
[White "Stribuk, Artiom"]
[Black "Van Foreest, Jorden"]
[Result "1/2-1/2"]
[WhiteTitle "IM"]
[BlackTitle "GM"]
[WhiteElo "2476"]
[BlackElo "2692"]
[WhiteFideId "13515659"]
[BlackFideId "1039784"]
[EventDate "2025.12.29"]

1. c4 Nf6 2. g3 g6 3. Bg2 Bg7 4. Nc3 O-O 5. d4 d6 6. Nf3 Nbd7 7. O-O e5 8. e4
Re8 9. h3 b6 10. Be3 exd4 11. Nxd4 Bb7 12. Qc2 Nc5 13. f3 Nh5 14. g4 Nf4 15.
Bxf4 Bxd4+ 16. Kh1 h5 17. Rad1 Qf6 18. Bh2 hxg4 19. fxg4 Qg7 20. Rxd4 Qxd4 21.
Nb5 Qxe4 22. Qxe4 Bxe4 23. Nxc7 Bxg2+ 24. Kxg2 Re2+ 25. Kf3 Rxh2 26. Nxa8 Ne6
27. Rd1 Rxb2 28. Rxd6 Rxa2 29. Rd7 Ra3+ 30. Kf2 Nc5 31. Rd8+ Kg7 32. Nc7 Rxh3
33. Kg2 Rd3 34. Ra8 Rd4 35. Kf3 Rxc4 36. g5 Rc3+ 37. Kg4 f5+ 38. gxf6+ Kf7 39.
Rxa7 Rc4+ 40. Kg5 Ne4+ 41. Kh6 Kxf6 42. Nd5+ Ke5 43. Nxb6 Rc6 44. Ra5+ Kd4 45.
Nd5 g5+ 46. Kh5 Rc1 47. Ne7 Rh1+ 48. Kg4 Rh4+ 49. Kf3 g4+ 50. Kg2 Rh3 51. Nf5+
Kc4 52. Ra4+ Kd5 53. Ne7+ Ke5 54. Ng6+ Kf5 55. Ne7+ Ke5 56. Ng6+ Kf5 57. Ne7+
Kf4 58. Ng6+ Ke3 59. Ra3+ Kd2 60. Rxh3 gxh3+ 1/2-1/2

[Event "World Blitz 2025"]
[Site "Doha QAT"]
[Date "2025.12.29"]
[Round "12.18"]
[White "Bortnyk, Olexandr"]
[Black "Makarian, Rudik"]
[Result "0-1"]
[WhiteTitle "GM"]
[BlackTitle "GM"]
[WhiteElo "2601"]
[BlackElo "2524"]
[WhiteFideId "14120828"]
[BlackFideId "44105681"]
[EventDate "2025.12.29"]

1. a3 Nf6 2. Nf3 d5 3. g3 e6 4. Bg2 Be7 5. O-O O-O 6. d3 c5 7. Nbd2 Nc6 8. e4
Qc7 9. Re1 h6 10. Nb3 dxe4 11. dxe4 e5 12. Be3 c4 13. Nbd2 Be6 14. Qe2 b5 15. h3
Rfd8 16. c3 Nd7 17. a4 a6 18. axb5 axb5 19. Nh4 Bxh4 20. gxh4 Ne7 21. Qf3 Nc5
22. Qg3 Kh7 23. h5 Nd3 24. Reb1 Ng8 25. Rxa8 Rxa8 26. Bf1 Nf6 27. Bxd3 cxd3 28.
Bd4 Nd7 29. Nf3 f6 30. Rd1 Qc6 31. Qg6+ Kh8 32. Be3 Nf8 33. Qg2 Bb3 34. Rxd3 Bc2
35. Ne1 Bxd3 36. Nxd3 Rd8 37. Nb4 Qe8 38. Qg4 Qd7 39. Qh4 Ne6 40. Nd5 Qf7 41.
Qg4 Ng5 42. Bxg5 fxg5 43. b4 Rf8 44. Qg3 Qxh5 45. Kg2 Qf7 46. Qe3 Kh7 47. Qg3
Qe6 48. Ne3 Rf4 49. f3 Rf7 50. Nd5 Ra7 51. Qf2 Rf7 52. Qc5 h5 53. Qe3 g4 54.
fxg4 hxg4 55. h4 Qg6 56. Qe2 Qh5 57. Ne3 Qxh4 58. Nxg4 Rf4 59. Nf2 Qg5+ 60. Kf1
Qh4 61. Kg2 g6 62. Qe3 Qg5+ 63. Kf1 Qh4 64. Qa7+ Kh6 65. Qe3 Qh5 66. Kg2 Qg5+
67. Kf1 Rh4 68. Qc5 Qf6 69. Kg2 Rf4 70. Qe3 Qe6 71. Nh3 Qg4+ 72. Kh2 g5 73. Nxf4
gxf4 74. Qb6+ Kh5 75. Qf6 Qg3+ 76. Kh1 Qh4+ 77. Qxh4+ Kxh4 78. Kg2 Kg4 79. c4
bxc4 80. b5 c3 81. b6 c2 82. b7 c1=Q 83. b8=Q Qc2+ 84. Kg1 Kf3 85. Qg8 Qf2+ 86.
Kh1 Qh4+ 0-1

[Event "World Blitz 2025"]
[Site "Doha QAT"]
[Date "2025.12.29"]
[Round "12.19"]
[White "Keymer, Vincent"]
[Black "Andreikin, Dmitry"]
[Result "1-0"]
[WhiteTitle "GM"]
[BlackTitle "GM"]
[WhiteElo "2776"]
[BlackElo "2710"]
[WhiteFideId "12940690"]
[BlackFideId "4158814"]
[EventDate "2025.12.29"]

1. Nf3 Nf6 2. c4 e6 3. Nc3 d5 4. e3 Be7 5. b3 c5 6. cxd5 Nxd5 7. Bb2 Bf6 8. Qc2
O-O 9. h4 Nxc3 10. dxc3 Nc6 11. Bd3 h6 12. O-O-O Qa5 13. Kb1 e5 14. Ng5 e4 15.
Bxe4 c4 16. Nh7 Be6 17. b4 Qc7 18. Nxf8 Rxf8 19. f4 Re8 20. Bf3 b5 21. g4 Be7
22. g5 h5 23. g6 Bf6 24. f5 Bc8 25. gxf7+ Kxf7 26. Bxh5+ Kf8 27. Bxe8 Kxe8 28.
a4 Qe5 29. e4 a5 30. Rd5 Qf4 31. axb5 Ne5 32. bxa5 Bb7 33. a6 Bxd5 34. exd5 Qf3
35. Re1 Qxd5 36. a7 Kf7 37. Qe4 1-0

[Event "World Blitz 2025"]
[Site "Doha QAT"]
[Date "2025.12.29"]
[Round "12.20"]
[White "Sevian, Samuel"]
[Black "Hakobyan, Aram"]
[Result "0-1"]
[WhiteTitle "GM"]
[BlackTitle "GM"]
[WhiteElo "2688"]
[BlackElo "2613"]
[WhiteFideId "2040506"]
[BlackFideId "13306677"]
[EventDate "2025.12.29"]

1. e4 c5 2. Nf3 e6 3. d4 cxd4 4. Nxd4 Nf6 5. Nc3 Nc6 6. a3 Be7 7. Nxc6 bxc6 8.
e5 Nd5 9. Qg4 O-O 10. Bh6 g6 11. Ne4 Qb6 12. Rb1 f5 13. exf6 Nxf6 14. Nxf6+ Rxf6
15. f3 Rb8 16. Bg5 Qa5+ 17. c3 Qe5+ 18. Kd1 Qd6+ 19. Qd4 e5 20. Qd2 Qxd2+ 21.
Bxd2 d5 22. Bd3 Bf5 23. Bxf5 gxf5 24. Kc2 Rg6 25. g3 e4 26. Rbe1 Bd6 27. Rhf1
Re8 28. b4 a6 29. Be3 Be5 30. Bc5 Rh6 31. Re2 Rf6 32. Rfe1 Rfe6 33. Rf1 Rf6 34.
Rfe1 h5 35. a4 Kf7 36. Rf1 Kg6 37. Rg2 Bd6 38. Bd4 Be5 39. Be3 Ref8 40. Bc5 Re8
41. Be3 Kh7 42. Bc5 Ree6 43. Re2 Kg6 44. Rg2 Rf7 45. Be3 Bg7 46. Bc5 Bf8 47. Bd4
Bg7 48. Bc5 Bh6 49. h3 Ref6 50. Bd4 Re6 51. Kb3 Bg7 52. Bc5 Bf8 53. Bd4 Bd6 54.
Kc2 Rfe7 55. g4 hxg4 56. hxg4 f4 57. Rh2 Rh7 58. Rxh7 Kxh7 59. c4 Bxb4 60. cxd5
cxd5 61. fxe4 Rxe4 62. Rd1 f3 63. Bb6 Rxg4 64. Rxd5 Rg2+ 65. Kb3 Be1 66. Rd7+
Rg7 67. Rd8 Rb7 68. a5 Bxa5 0-1

[Event "World Blitz 2025"]
[Site "Doha QAT"]
[Date "2025.12.29"]
[Round "12.21"]
[White "Stefansson, Vignir Vatnar"]
[Black "Le, Quang Liem"]
[Result "1/2-1/2"]
[WhiteTitle "GM"]
[BlackTitle "GM"]
[WhiteElo "2519"]
[BlackElo "2731"]
[WhiteFideId "2308649"]
[BlackFideId "12401137"]
[EventDate "2025.12.29"]

1. d4 d5 2. c4 e6 3. Nf3 Nf6 4. g3 Bb4+ 5. Nbd2 O-O 6. Bg2 b6 7. O-O Bb7 8. Ne5
a5 9. a3 Be7 10. b3 Nbd7 11. Bb2 Nxe5 12. dxe5 Nd7 13. Qc2 c5 14. e3 Qc7 15. f4
Rfd8 16. Rad1 a4 17. bxa4 Bc6 18. Rb1 Qa7 19. cxd5 exd5 20. f5 Qxa4 21. Qc3 d4
22. exd4 Bxg2 23. Kxg2 cxd4 24. Qxd4 Nxe5 25. Qxa4 Rxd2+ 26. Kh3 Rxa4 27. Bxe5
Bc5 28. Bc7 g5 29. fxg6 hxg6 30. Bxb6 Bxa3 31. Ra1 1/2-1/2

[Event "World Blitz 2025"]
[Site "Doha QAT"]
[Date "2025.12.29"]
[Round "12.22"]
[White "Uskov, Artem"]
[Black "Martirosyan, Haik M."]
[Result "0-1"]
[WhiteTitle "GM"]
[BlackTitle "GM"]
[WhiteElo "2516"]
[BlackElo "2625"]
[WhiteFideId "34254854"]
[BlackFideId "13306553"]
[EventDate "2025.12.29"]

1. c4 e5 2. g3 Nf6 3. Bg2 d5 4. cxd5 Nxd5 5. Nf3 Nc6 6. O-O Nb6 7. b3 Bd6 8. Bb2
O-O 9. d3 Re8 10. Nbd2 a5 11. a3 Bf8 12. Rc1 f6 13. Qc2 Be6 14. Rfd1 Qd7 15. e3
Qf7 16. d4 exd4 17. Nxd4 Nxd4 18. exd4 c6 19. Nc4 Nd5 20. Re1 Nc7 21. Re3 a4 22.
bxa4 Nd5 23. Ree1 Qc7 24. a5 Bf7 25. Be4 g6 26. Bf3 Red8 27. Kg2 Ra6 28. h4 h5
29. Be4 Kg7 30. Bf3 Qd7 31. Rcd1 Bd6 32. Bc1 Bc7 33. Qd2 Rh8 34. Qe2 Nc3 35. Qe7
Rd8 36. Rd3 Nd5 37. Qe2 Re8 38. Qd2 Rxe1 39. Qxe1 Ne7 40. Rc3 Nf5 41. Qd2 Qxd4
42. Qc2 Qd7 43. Rd3 Qe6 44. Ne3 Rxa5 45. Bb2 Ne7 46. Qd2 Rb5 47. a4 Rb3 48. Ba1
Rxd3 49. Qxd3 Ng8 50. Qb1 Qb3 51. Qe4 Qe6 52. Qb4 Qb3 53. Qe4 Bd6 54. a5 Qb4 55.
Qd3 Be7 56. Bc3 Qd6 57. Qb1 Qc5 58. Qb2 Bd8 59. Bd4 Qxa5 60. Qxb7 c5 61. Bd5 Qc7
62. Qxc7 Bxc7 63. Bxc5 Bxd5+ 64. Nxd5 Be5 65. Kf3 Kf7 66. Ne3 Ke6 67. Ba3 Nh6
68. Ke4 Bc7 69. Bc1 Nf7 70. Ba3 Ne5 71. f4 f5+ 72. Kd4 Bb6+ 73. Bc5 Nf3+ 74. Kc4
Bxc5 75. Kxc5 Nd2 76. Kd4 Ne4 77. Nf1 Kd6 78. Kc4 Kc6 79. Kd4 Kd6 80. Kc4 Nc5
81. Nd2 Nd7 82. Nf3 Ke6 83. Kd4 Kf6 84. Kd5 Nb6+ 85. Kc5 Na4+ 86. Kd4 Nb6 87.
Ne5 Kg7 88. Kc5 Na4+ 89. Kd4 Nb6 90. Nd3 Nd7 91. Nf2 Kf6 92. Kd5 Ke7 93. Kc6 Nf6
94. Kc5 Ke6 95. Kd4 Kd6 96. Nd3 Ne4 97. Ne5 Nxg3 98. Nxg6 Ke6 99. Ne5 Ne2+ 100.
Ke3 Nc3 101. Kd4 Nd5 102. Nd3 Kd6 103. Kc4 Ne3+ 104. Kd4 Ng2 105. Ne5 Nxf4 106.
Nf7+ Ke6 107. Ng5+ Kf6 108. Nf3 Ng6 109. Kd5 Ne7+ 110. Kd4 Nc6+ 111. Kd5 Nb4+
112. Kd4 Nc6+ 113. Kd5 Ne7+ 114. Kd4 Ng6 115. Kd5 Nf4+ 116. Kd4 Ng2 117. Kd5
Ne3+ 118. Kd4 Ng4 119. Kd5 Ne3+ 120. Kd4 Nc2+ 121. Kd5 Na3 122. Kd6 f4 123. Nd4
Nc4+ 124. Kd5 Nd2 125. Ne2 Kf5 126. Kd4 f3 127. Ke3 Kg4 128. Nd4 Nc4+ 129. Kf2
Ne5 130. Ke3 Nc4+ 131. Kf2 Ne5 132. Ke3 Kg3 133. Nf5+ Kg2 134. Ke4 0-1

[Event "World Blitz 2025"]
[Site "Doha QAT"]
[Date "2025.12.29"]
[Round "12.23"]
[White "Isanzhulov, Arystan"]
[Black "Mamedyarov, Shakhriyar"]
[Result "1/2-1/2"]
[WhiteTitle "IM"]
[BlackTitle "GM"]
[WhiteElo "2419"]
[BlackElo "2730"]
[WhiteFideId "13711644"]
[BlackFideId "13401319"]
[EventDate "2025.12.29"]

1. e4 d6 2. d4 Nf6 3. Nc3 e5 4. dxe5 dxe5 5. Qxd8+ Kxd8 6. a3 a6 7. Bc4 Ke8 8.
Be3 Nc6 9. h3 Bd6 10. Nf3 b5 11. Ba2 Be6 12. Bxe6 fxe6 13. O-O Ke7 14. Nd2 Nd4
15. Rfc1 c5 16. Kf1 Nd7 17. a4 Rab8 18. b3 Rhc8 19. axb5 axb5 20. Ra6 h6 21. Ne2
Ra8 22. Rxa8 Rxa8 23. c3 Nc6 24. Ke1 b4 25. cxb4 Nxb4 26. Kf1 Nc6 27. Ke1 Nd4
28. Kd1 Ra3 29. Rb1 Nb8 30. Nc1 Nbc6 31. Nc4 Ra8 32. Nd3 Rb8 33. Bxd4 exd4 34.
e5 Bc7 35. Nxc5 Bxe5 36. Rb2 Bd6 37. Nd3 e5 38. Kc2 e4 39. Ne1 Ke6 40. f3 d3+
41. Kd1 Ra8 42. Nxd6 Kxd6 43. fxe4 Ne5 44. Kd2 Ke6 45. Nf3 Rd8 46. Ke3 g5 47.
Nxe5 Kxe5 48. Rd2 Rd4 49. Rxd3 Rxe4+ 50. Kf3 Rb4 51. Rc3 h5 52. Kg3 h4+ 53. Kf3
Kf5 54. g3 hxg3 55. Kxg3 Ke5 56. Rf3 Ke6 57. Rf1 Rxb3+ 58. Kg4 Ra3 59. Rf2 Rb3
60. Kxg5 Rxh3 61. Rf4 Rg3+ 62. Rg4 Rxg4+ 1/2-1/2

[Event "World Blitz 2025"]
[Site "Doha QAT"]
[Date "2025.12.29"]
[Round "12.24"]
[White "Salem, A.R. Saleh"]
[Black "Grandelius, Nils"]
[Result "0-1"]
[WhiteTitle "GM"]
[BlackTitle "GM"]
[WhiteElo "2635"]
[BlackElo "2664"]
[WhiteFideId "9301348"]
[BlackFideId "1710400"]
[EventDate "2025.12.29"]

1. d4 d5 2. c4 e6 3. Nc3 a6 4. cxd5 exd5 5. Nf3 c6 6. Qc2 Bd6 7. Bg5 Ne7 8. e3
h6 9. Bh4 Bf5 10. Bd3 Bxd3 11. Qxd3 O-O 12. O-O Nd7 13. e4 dxe4 14. Nxe4 Qc7 15.
Rfe1 Ng6 16. Bg3 Bxg3 17. hxg3 Rad8 18. Qb3 Rfe8 19. Rac1 Qb6 20. Qa3 Re6 21.
Nd6 Ndf8 22. Nf5 Rxe1+ 23. Rxe1 Ne6 24. g4 Qc7 25. g3 Rd7 26. Rc1 Qd8 27. Qe3
Rd5 28. Re1 Ne7 29. Nxe7+ Qxe7 30. Qb3 Qd7 31. Re4 Rb5 32. Qc3 Qd5 33. Re1 Qxa2
34. Re2 Rb3 35. Qc4 0-1

[Event "World Blitz 2025"]
[Site "Doha QAT"]
[Date "2025.12.29"]
[Round "12.25"]
[White "Murzin, Volodar"]
[Black "Bharath, Subramaniyam H"]
[Result "1-0"]
[WhiteTitle "GM"]
[BlackTitle "GM"]
[WhiteElo "2648"]
[BlackElo "2576"]
[WhiteFideId "44155573"]
[BlackFideId "46634827"]
[EventDate "2025.12.29"]

1. d4 Nf6 2. Nf3 e6 3. Bf4 c5 4. e3 Nc6 5. Nbd2 d5 6. c3 cxd4 7. cxd4 Be7 8. a3
O-O 9. Bd3 Bd7 10. Rc1 Rc8 11. h3 Qb6 12. b4 Nb8 13. O-O a5 14. bxa5 Qxa5 15.
Rb1 Qxa3 16. Rb3 Ba4 17. Rxa3 Bxd1 18. Ra7 Bxf3 19. Nxf3 Rc3 20. Bb5 Nbd7 21.
Rxb7 Rb3 22. Rxd7 Nxd7 23. Bxd7 Rd8 24. Ba4 Rb4 25. Bc2 Rc8 26. Bd3 Rb3 27. Rd1
g6 28. g4 Rbc3 29. Kg2 f6 30. g5 fxg5 31. Bxg5 Bxg5 32. Nxg5 R3c6 33. Rb1 Rf8
34. Rb7 Rc3 35. Be2 Rc2 36. Bf3 Rf6 37. Nxe6 g5 1-0

[Event "World Blitz 2025"]
[Site "Doha QAT"]
[Date "2025.12.29"]
[Round "12.26"]
[White "Robson, Ray"]
[Black "Hovhannisyan, Robert"]
[Result "1/2-1/2"]
[WhiteTitle "GM"]
[BlackTitle "GM"]
[WhiteElo "2650"]
[BlackElo "2621"]
[WhiteFideId "2023970"]
[BlackFideId "13302507"]
[EventDate "2025.12.29"]

1. d4 d5 2. c4 e6 3. Nc3 Nf6 4. Nf3 c5 5. e3 Nc6 6. cxd5 exd5 7. Bb5 cxd4 8.
exd4 Bd6 9. O-O O-O 10. h3 h6 11. Re1 Bf5 12. Ne5 Qb6 13. Bxc6 bxc6 14. Na4 Qb5
15. Bf4 Bxe5 16. Bxe5 Nd7 17. b3 Rfe8 18. Bd6 Qd3 19. Qxd3 Bxd3 20. Rac1 Bb5 21.
Nc3 Bd3 22. f3 f6 23. Kf2 Kf7 24. Re3 Rxe3 25. Kxe3 Ba6 26. Rc2 Re8+ 27. Kf2 h5
28. h4 Bd3 29. Rd2 Ba6 30. Nd1 Re6 31. Bb4 g5 32. g3 Re8 33. Ne3 Kg6 34. Rc2 Bb7
35. Bd6 a5 36. Bc7 Ra8 37. a4 Nf8 38. f4 gxf4 39. gxf4 Kf7 40. f5 Nd7 41. Ng2
Rg8 42. Bxa5 Rg4 43. Bc3 c5 44. Rd2 cxd4 45. Rxd4 Nc5 46. Rxg4 hxg4 47. Ke3 Nxb3
48. Nf4 d4+ 49. Bxd4 g3 50. Bb6 Nc1 51. a5 Bc8 52. Ke4 Bb7+ 53. Ke3 Bc8 54. Kf3
Bxf5 55. a6 Bc8 56. a7 Bb7+ 57. Kxg3 Na2 58. Ba5 Nc1 59. Kf2 Nb3 60. Bb6 Nd2 61.
Bd4 Nf3 62. Ke3 Nxh4 63. Kd3 Ng6 64. Nh5 Ne7 65. Nxf6 Nc6 66. Ne4 Nxa7 67. Nd6+
Ke6 68. Nxb7 Nc6 69. Be3 Kd5 70. Nc5 Ne5+ 71. Ke2 Nc4 72. Bf2 Nd6 73. Nd3 Ne4
74. Bh4 Nc3+ 75. Kd2 Ne4+ 76. Ke3 Nd6 77. Nf4+ Ke5 78. Nd3+ Kd5 79. Kf4 Kd4 80.
Ne5 Nc4 81. Nc6+ Kd5 82. Ne7+ Ke6 83. Nf5 Nb6 84. Ke4 Nd7 85. Ng7+ Kf7 86. Nh5
Ke6 87. Nf4+ Kd6 88. Kd4 Nf8 89. Nd5 Ne6+ 90. Kc4 Ke5 91. Bg3+ Ke4 92. Bd6 Ng5
93. Be7 Nf3 94. Nc3+ Ke5 95. Bd8 Kf5 96. Kd5 Ne5 97. Ne2 Nf7 98. Nd4+ Kg6 99.
Be7 Ng5 100. Ke5 Nf7+ 101. Kf4 Nh6 102. Bh4 Ng8 103. Nc6 Kh5 104. Bg5 Kg6 105.
Ne5+ Kg7 106. Kf5 Nh6+ 107. Ke6 Ng8 108. Nf3 Kg6 109. Bd8 Nh6 110. Ne5+ Kh5 111.
Be7 Ng4 112. Nd3 Ne3 113. Ke5 Kg4 114. Ke4 Nf1 115. Ne5+ Kg3 116. Bg5 Kf2 117.
Nd3+ Ke2 118. Nf4+ Kd1 119. Kd3 Nd2 120. Nd5 Nf3 121. Ne3+ Ke1 122. Bf4 Kf2 123.
Ng4+ Kg2 124. Ke3 Ng1 125. Bd6 Kh3 126. Nf2+ Kg2 127. Nd3 Nh3 128. Ne1+ Kf1 129.
Bg3 Ng5 130. Kf4 Ne6+ 131. Ke3 Ng7 132. Kf3 Nf5 133. Bf2 Nd4+ 134. Ke3 Nf5+ 135.
Kf3 Nd4+ 136. Bxd4 Kxe1 1/2-1/2

[Event "World Blitz 2025"]
[Site "Doha QAT"]
[Date "2025.12.29"]
[Round "12.27"]
[White "Mendonca, Leon Luke"]
[Black "Amar, Elham"]
[Result "1/2-1/2"]
[WhiteTitle "GM"]
[BlackTitle "GM"]
[WhiteElo "2615"]
[BlackElo "2592"]
[WhiteFideId "35028561"]
[BlackFideId "1533533"]
[EventDate "2025.12.29"]

1. Nf3 Nf6 2. b4 g6 3. Bb2 Bg7 4. e3 O-O 5. c4 b6 6. Be2 Bb7 7. O-O d6 8. d3 e5
9. Nc3 Re8 10. Nd2 Nbd7 11. Qc2 Nf8 12. Bf3 Bxf3 13. Nxf3 Ne6 14. Rfc1 h6 15.
Nd5 c6 16. Nc3 Ng5 17. Nxg5 hxg5 18. b5 cxb5 19. Nxb5 d5 20. cxd5 Nxd5 21. Qb3
a6 22. Nc3 Nf6 23. Na4 b5 24. Nc5 Qd5 25. e4 Qd6 26. Rc2 g4 27. a4 bxa4 28. Qxa4
a5 29. Ba3 Reb8 30. Rac1 Qd8 31. Rd1 Qe8 32. Rc4 Bf8 33. Qxe8 Rxe8 34. Ra1 Rec8
35. Rac1 Re8 36. Kf1 Red8 37. Ke2 Rab8 38. R4c3 Nh5 39. g3 Ng7 40. Ra1 Rb5 41.
Na4 Ne6 42. Bxf8 Nd4+ 43. Kf1 Kxf8 44. Kg2 Rdb8 45. Rca3 Nc2 46. Rc3 Nd4 47.
Rca3 Nc2 48. R3a2 Nxa1 49. Rxa1 Rb4 50. h3 gxh3+ 51. Kxh3 Ra8 52. Kg2 Ke7 53.
Kf3 Kd6 54. Ke3 Rc8 55. Ra2 f5 56. Ra3 Rc2 57. Nc3 Rbb2 58. f4 exf4+ 59. gxf4
fxe4 60. Nxe4+ Ke7 61. Rxa5 Rb6 62. Ra7+ Kd8 63. Ra8+ Rc8 64. Ra7 Rc7 65. Ra8+
Ke7 66. Ra5 Rb3 67. Re5+ Kf8 68. Rg5 Rc6 69. Rd5 Rb1 70. Ra5 Rf1 71. Rg5 Ra6 72.
Nd2 Re1+ 73. Kf2 Ree6 74. Ne4 Rec6 75. Ke3 Ra1 76. f5 gxf5 77. Rxf5+ Ke7 78.
Re5+ Kf7 79. Rf5+ Kg6 80. Rg5+ Kh6 81. Rc5 Re1+ 82. Kd2 Rxc5 1/2-1/2

[Event "World Blitz 2025"]
[Site "Doha QAT"]
[Date "2025.12.29"]
[Round "12.28"]
[White "Pranav, V"]
[Black "Pranav, Anand"]
[Result "1-0"]
[WhiteTitle "GM"]
[BlackTitle "GM"]
[WhiteElo "2641"]
[BlackElo "2591"]
[WhiteFideId "25060783"]
[BlackFideId "46626786"]
[EventDate "2025.12.29"]

1. d4 Nf6 2. Nf3 d5 3. Bg5 e6 4. Nbd2 c5 5. e3 Nc6 6. c3 Be7 7. Bd3 b6 8. O-O
O-O 9. Qe2 Bb7 10. a4 h6 11. Bh4 Qc7 12. Rfe1 e5 13. dxe5 Nxe5 14. Nxe5 Qxe5 15.
Ba6 Bc6 16. Bb5 Bb7 17. Rad1 a6 18. Bd3 Qe6 19. Bxf6 Bxf6 20. e4 Rfe8 21. exd5
Qxe2 22. Rxe2 Rxe2 23. Bxe2 Bxd5 24. Nc4 Bxc4 25. Bxc4 Rd8 26. Re1 a5 27. g3 g6
28. Re2 Kg7 29. Kg2 h5 30. f4 Kf8 31. Kf3 Kg7 32. h3 Kf8 33. g4 hxg4+ 34. hxg4
g5 35. Rh2 gxf4 36. Kxf4 Kg7 37. g5 Be7 38. Re2 Bf8 39. Rf2 Rd1 40. Ke4 Rd7 41.
Bd5 Bd6 42. Rf6 Re7+ 43. Kd3 Bc7 44. Kc4 Bd8 45. Rf5 Bc7 46. Kb5 Bd8 47. Rf2 Rd7
48. Kc6 Re7 49. Kd6 Ra7 50. Kc6 Re7 51. Bc4 Ra7 52. b3 Re7 53. Rf3 Ra7 54. Rd3
Bxg5 55. Kxb6 Re7 56. Kxa5 f5 57. Kb6 Be3 58. a5 f4 59. a6 f3 60. a7 f2 61. Rd1
Re8 62. Ra1 Bd2 63. a8=Q 1-0

[Event "World Blitz 2025"]
[Site "Doha QAT"]
[Date "2025.12.29"]
[Round "12.29"]
[White "Goutham Krishna H"]
[Black "Niemann, Hans Moke"]
[Result "1-0"]
[WhiteTitle "IM"]
[BlackTitle "GM"]
[WhiteElo "2433"]
[BlackElo "2725"]
[WhiteFideId "25983504"]
[BlackFideId "2093596"]
[EventDate "2025.12.29"]

1. b3 e5 2. Bb2 Nc6 3. e3 h5 4. c4 Nf6 5. Nf3 e4 6. Nd4 h4 7. h3 Bc5 8. d3 Nxd4
9. exd4 Bb4+ 10. Bc3 Qe7 11. Bxb4 Qxb4+ 12. Qd2 Qe7 13. Be2 d5 14. O-O dxc4 15.
dxc4 Bf5 16. Nc3 O-O-O 17. Rad1 g5 18. d5 Rhg8 19. Rfe1 Kb8 20. f3 e3 21. Qd4 c5
22. d6 cxd4 23. dxe7 Rd7 24. Nd5 Nxd5 25. cxd5 Rxe7 26. Rxd4 Rd8 27. a4 Bg6 28.
f4 gxf4 29. Bf3 Kc7 30. Rxf4 Kd6 31. Rxh4 Rc8 32. Rb4 Rc2 33. h4 Bd3 34. h5 Kc5
35. Rf4 f5 36. d6 Rd7 37. b4+ Kb6 38. Rxe3 Rxd6 39. Re7 Be4 40. Bxe4 fxe4 41.
Rfxe4 a5 42. R7e6 Kc7 43. Rxd6 Kxd6 44. bxa5 Rc5 45. g4 Kd5 1-0

[Event "World Blitz 2025"]
[Site "Doha QAT"]
[Date "2025.12.29"]
[Round "12.30"]
[White "Giri, Anish"]
[Black "Adhiban, Baskaran"]
[Result "1-0"]
[WhiteTitle "GM"]
[BlackTitle "GM"]
[WhiteElo "2760"]
[BlackElo "2557"]
[WhiteFideId "24116068"]
[BlackFideId "5018471"]
[EventDate "2025.12.29"]

1. e4 c6 2. d4 d5 3. e5 Bf5 4. h4 h6 5. Bd3 Bxd3 6. Qxd3 e6 7. h5 c5 8. c3 Nc6
9. Ne2 Rc8 10. a3 cxd4 11. cxd4 Nge7 12. Nd2 Qb6 13. g4 Na5 14. b3 a6 15. f4 Qb5
16. Qf3 Nec6 17. Rh3 Be7 18. Bb2 f6 19. Qd3 Qxd3 20. Rxd3 fxe5 21. dxe5 O-O 22.
Rc1 Rcd8 23. Nf3 Rfe8 24. Kf2 Rd7 25. Kg3 Na7 26. Ned4 Bd8 27. f5 exf5 28. gxf5
Bc7 29. Ne6 Bb8 30. Kg4 N5c6 31. Nc5 Rc7 32. Rxd5 Ne7 33. Rd7 Nac6 34. Rxc7 Bxc7
35. Ne6 Bb8 36. Re1 Na5 37. Ned4 Nd5 38. Re2 Ba7 39. Ba1 Rc8 40. Bb2 Re8 41. Kg3
Rc8 42. Rc2 Rf8 43. b4 Ne3 44. Rc7 Nac4 45. Rxb7 Bxd4 46. Bxd4 Nxf5+ 47. Kh3
Nfe3 48. Nh4 Rf1 49. e6 Rh1+ 50. Kg3 Re1 51. Rxg7+ Kf8 52. Ng6+ 1-0

[Event "World Blitz 2025"]
[Site "Doha QAT"]
[Date "2025.12.29"]
[Round "12.31"]
[White "Pantsulaia, Levan"]
[Black "Svane, Rasmus"]
[Result "1/2-1/2"]
[WhiteTitle "GM"]
[BlackTitle "GM"]
[WhiteElo "2472"]
[BlackElo "2608"]
[WhiteFideId "13602071"]
[BlackFideId "4657101"]
[EventDate "2025.12.29"]

1. Nf3 d5 2. g3 Nf6 3. Bg2 e6 4. O-O Be7 5. c4 O-O 6. b3 d4 7. e3 c5 8. Ne5 Qc7
9. f4 Nfd7 10. Nd3 Nc6 11. Na3 a6 12. Bb2 Rb8 13. Nc2 b5 14. cxb5 axb5 15. exd4
Nxd4 16. Nxd4 cxd4 17. Rc1 Qa7 18. a3 Rd8 19. b4 Bb7 20. Rc7 Qb6 21. Rxb7 Rxb7
22. Bxb7 Qxb7 23. Qf3 Qxf3 24. Rxf3 Nb6 25. Ne5 Bf6 26. d3 Nd5 27. Rf2 Bxe5 28.
fxe5 Ne3 29. Rf4 Nc2 30. Kf2 Kf8 31. Ke2 Ke8 32. Kd2 Ne3 33. Bxd4 Nd5 34. Re4
Kd7 35. Re1 Ra8 36. Bb2 f5 37. exf6 gxf6 38. Re4 Kd6 39. Rh4 Ra7 40. g4 e5 41.
g5 Rg7 42. gxf6 Rg2+ 43. Kc1 Nxf6 44. a4 bxa4 45. b5 Kc5 46. Rxa4 Kxb5 47. Rh4
Ng4 48. Rxh7 Rxh2 49. Rxh2 Nxh2 50. Bxe5 Ng4 51. Bd4 Kc6 1/2-1/2